000 00545cam a22002291 4500
001 sa 65004185
003 DLC
005 20260227112128.0
008 890706s1962 ii 000 0 telo
010 _asa 65004185
035 _a(OCoLC)19973112
040 _aDLC
_cWaU
_dDLC
042 _apremarc
050 0 0 _aPK3796.R39
_bT4
100 0 _aKālidāsa.
245 1 0 _aKāḷidāsu Raghuvaṃśaṃ.
260 _c[1962]
300 _a266 p.
_c18 cm.
500 _aIn Telugu.
700 0 _aViswam,
_d1915-
740 0 _aRaghuvaṃśaṃ.
999 _c63597
_d63597